Alfred Waterhouse 1830-1905 (Record no. 95470)

MARC details
000 -LEADER
fixed length control field 00969cam a2200265 4500
008 - FIXED-LENGTH DATA ELEMENTS--GENERAL INFORMATION
fixed length control field 090401t1992 xxu||||| |||| 00| 0 eng d
020 ## - INTERNATIONAL STANDARD BOOK NUMBER
International Standard Book Number 0198175116
035 ## - SYSTEM CONTROL NUMBER
System control number (Sirsi) u71981
041 ## - LANGUAGE CODE
Language code of text/sound track or separate title eng
050 ## - LIBRARY OF CONGRESS CALL NUMBER
Classification number 724.2
-- 18
100 ## - MAIN ENTRY--PERSONAL NAME
Personal name Cunningham, Colin
245 ## - TITLE STATEMENT
Title Alfred Waterhouse 1830-1905
Remainder of title biography of a practice
260 ## - PUBLICATION, DISTRIBUTION, ETC.
Place of publication, distribution, etc. Oxford
Name of publisher, distributor, etc. Clarendon Press
Date of publication, distribution, etc. 1992
300 ## - PHYSICAL DESCRIPTION
Extent xviii, 319p.,89p. of plates
Other physical details ill.
Dimensions 28cm.
350 ## - PRICE (NR) (BK AM CF MU VM SE) [OBSOLETE]
Price 80
490 ## - SERIES STATEMENT
Series statement Clarendon Studies in the History of Art
520 ## - SUMMARY, ETC.
Summary, etc. The definitive biography of Alfred Waterhouse, designer of the headquarters of the Surveyors Institution, now RICS. The text makes reference to the design of 12 Great George Street, details of which are also given in the list of works in the first appendix.
590 ## - LOCAL NOTE (RLIN)
Local note GGS
650 ## - SUBJECT ADDED ENTRY--TOPICAL TERM
Topical term or geographic name entry element ALFRED WATERHOUSE
650 ## - SUBJECT ADDED ENTRY--TOPICAL TERM
Topical term or geographic name entry element 12 GREAT GEORGE STREET
690 ## - LOCAL SUBJECT ADDED ENTRY--TOPICAL TERM (OCLC, RLIN)
Topical term or geographic name as entry element RICS NEWS
700 ## - ADDED ENTRY--PERSONAL NAME
Personal name Waterhouse, Prudence
942 ## - ADDED ENTRY ELEMENTS (KOHA)
Suppress in OPAC 0
948 ## - LOCAL PROCESSING INFORMATION (OCLC); SERIES PART DESIGNATOR (RLIN)
c (OCLC) 04/03/1997
Holdings
Withdrawn status Lost status Source of classification or shelving scheme Damaged status Not for loan Home library Current library Shelving location Date acquired Cost, normal purchase price Total Checkouts Full call number Barcode Date last seen Date last checked out Copy number Cost, replacement price Price effective from Koha item type
    Dewey Decimal Classification     London London Folio 20/07/1995 51.00 4 F724.2 CUN 30046139 06/08/2019 22/02/2005 1 51.00 06/08/2019 Book